Statistics for National Animals of Europe

Click here to take the quiz!

General Stats

  • This quiz has been taken 51 times
  • The average score is 37 of 65

Answer Stats

CountryAnswer% Correct
FinlandBear
97%
RussiaBear
97%
LuxembourgLion
95%
NetherlandsLion
95%
BelguimLion
95%
Lion
95%
BulgariaLion
95%
CzechiaLion
95%
EnglandLion
95%
NorwayLion
95%
North MacedoniaLion
95%
Eagle
89%
AlbaniaEagle
89%
GermanyEagle
89%
Eagle
89%
Eagle
89%
AustriaEagle
89%
Eagle
89%
MontenegroDog
82%
MaltaDog
82%
Dog
82%
ScotlandUnicorn
76%
WalesDragon
74%
SerbiaWolf
68%
Wolf
68%
EstoniaWolf
68%
ItalyWolf
68%
Horse
63%
Horse
63%
PortugalRooster
63%
FranceRooster
63%
AndorraBull
61%
SpainBull
61%
IrelandDeer
61%
IcelandFalcon
61%
Falcon
61%
LietchensteinBird
45%
Bird
45%
LatviaBird
45%
Bird
45%
Bird
45%
Bird
45%
Bird
45%
SwedenMoose
42%
Mouse
42%
GreeceDolphin
39%
Goat
37%
Swan
32%
DenmarkSwan
32%
Swan
32%
Rabbit
29%
Rabbit
29%
BelarusBison
24%
PolandBison
24%
RomaniaLynx
21%
Lynx
21%
Butterfly
16%
SloveniaBee
13%
MonacoHedgehog
13%
LithuaniaStork
13%
Stork
13%
MoldovaAuroch
11%
CroatiaPine Marten
8%
HungaryTurul
8%
Ladybug
3%

Score Distribution

Percentile by Number Answered

Percent of People with Each Score

Your Score History

You have not taken this quiz